| 000 | 00868nmc a2200337 a 4500 | ||
|---|---|---|---|
| 003 | AR-BaBNM | ||
| 005 | 20251128211315.0 | ||
| 008 | 173120s2003 ||||||||||||||000 | spa|| | ||
| 020 | _a950-07-2426-X | ||
| 040 | _cAR-BaBNM | ||
| 100 | 1 | _aAccame, Jorge | |
| 245 | 1 | 0 | _aLa leyenda de la vicuña |
| 250 | _a1ª ed. | ||
| 260 |
_aBuenos Aires _bSudamericana _c2003 |
||
| 300 |
_a29 p. _bil. |
||
| 490 | 0 |
_aCuentamérica _vv. 7 |
|
| 650 | 4 | _aLITERATURA ARGENTINA | |
| 650 | 4 | _aCUENTOS | |
| 650 | 4 | _aLIBROS PARA NINOS | |
| 650 | 4 | _aLITERATURA INFANTIL | |
| 650 | 4 | _aLITERATURA FOLKLORICA | |
| 650 | 4 | _aLEYENDAS | |
| 650 | 4 | _aTRADICION ORAL | |
| 655 | _aLITERATURA | ||
| 700 | 1 |
_aRojas, Oscar _eilustrador |
|
| 700 | 1 |
_aFernández, Luciana _eilustrador |
|
| 700 | 1 |
_aPrada, Marta _ecolaborador |
|
| 800 | 0 | _aCanela | |
| 942 | _cBK | ||
| 998 | _cmartin | ||
| 999 |
_c19085 _d19085 |
||